Health Economics <An> International Perspective
Gespeichert in:
| 1. Verfasser: | |
|---|---|
| Weitere Verfasser: | , |
| Format: | Buch |
| Sprache: | Englisch |
| Veröffentlicht: |
Abingdon
Routledge/Taylor & Francis Group
2013
|
| Ausgabe: | 3rd Edition |
| Schlagworte: | |
| Tags: |
Keine Tags, Fügen Sie das erste Tag hinzu!
|
MARC
| LEADER | 00000nam a2200000 4500 | ||
|---|---|---|---|
| 001 | 0256116 | ||
| 005 | 20240312115719.4 | ||
| 020 | |a 978-0-415-68088-2 | ||
| 020 | |a 978-0-415-68086-8 | ||
| 041 | 0 | |a eng | |
| 044 | |a GB | ||
| 245 | 1 | 0 | |a Health Economics |b <An> International Perspective |c Barbara McPake, Charles Normand and Samantha Smith |
| 250 | |a 3rd Edition | ||
| 264 | 1 | |a Abingdon |b Routledge/Taylor & Francis Group |c 2013 | |
| 300 | |a 294 s. | ||
| 610 | 2 | 0 | |a zdravotníctvo |
| 610 | 2 | 0 | |a služby zdravotnícke |
| 610 | 2 | 0 | |a reformy |
| 610 | 2 | 0 | |a ekonomika sociálna |
| 610 | 2 | 0 | |a vývoj hospodársky |
| 610 | 2 | 0 | |a trh |
| 610 | 2 | 0 | |a nemocnice |
| 610 | 2 | 0 | |a dane |
| 610 | 2 | 0 | |a poistenie zdravotné |
| 610 | 2 | 0 | |a financie |
| 610 | 2 | 0 | |a politika zdravotná |
| 610 | 2 | 0 | |a porovnanie medzinárodné |
| 610 | 2 | 0 | |a ukazovatele ekonomické |
| 100 | 1 | |a McPake, Barbara | |
| 700 | 1 | |a Normand, Charles | |
| 700 | 1 | |a Smith, Samantha | |